<?xml version="1.0" encoding="UTF-8"?>
<record
    xmlns:xsi="http://www.w3.org/2001/XMLSchema-instance"
    xsi:schemaLocation="http://www.loc.gov/MARC21/slim http://www.loc.gov/standards/marcxml/schema/MARC21slim.xsd"
    xmlns="http://www.loc.gov/MARC21/slim">

  <leader>01565nam a22003137a 4500</leader>
  <datafield tag="999" ind1=" " ind2=" ">
    <subfield code="c">1038</subfield>
    <subfield code="d">1038</subfield>
  </datafield>
  <controlfield tag="003">AR-CdUCM</controlfield>
  <controlfield tag="008">190226b           ||||| |||| 00| 0 spa d</controlfield>
  <datafield tag="040" ind1=" " ind2=" ">
    <subfield code="a">MUNICIPALIDAD PROVINCIAL DEL CUSCO</subfield>
    <subfield code="c">BIBLIOTECA MUNICIPAL DEL CUSCO</subfield>
  </datafield>
  <datafield tag="082" ind1=" " ind2=" ">
    <subfield code="a">335.409 /</subfield>
    <subfield code="b">SO63</subfield>
  </datafield>
  <datafield tag="100" ind1=" " ind2=" ">
    <subfield code="a">Sobolev, A.</subfield>
  </datafield>
  <datafield tag="245" ind1=" " ind2=" ">
    <subfield code="a">La Internacional Comunista :</subfield>
    <subfield code="b">Ensayo hist&#xF3;rico sucinto /</subfield>
    <subfield code="c">Sobolev, A. ; Shirinia, K. ; Firsov, F ; Koroliov, N. ; Reznikov, A. ; Zastavenko, G. ; Churbanov, L. ; Sokolov, E. (coautores) ; Kuznetsov M. (traductor)</subfield>
  </datafield>
  <datafield tag="260" ind1=" " ind2=" ">
    <subfield code="a">Mosc&#xFA; :</subfield>
    <subfield code="b">Ed. Progreso,</subfield>
  </datafield>
  <datafield tag="300" ind1=" " ind2=" ">
    <subfield code="a">561 p&#xE1;ginas ;</subfield>
    <subfield code="c">21 cm.</subfield>
  </datafield>
  <datafield tag="505" ind1=" " ind2=" ">
    <subfield code="a">Formaci&#xF3;n de la Internacional Comunista -- la Comunista como vanguardia de las fuerzas Revolucionarias del mundo (1919-1920) -- la lucha de la Internacional Comunista por las masas -- la Cominter en los a&#xF1;os de estabilizaci&#xF3;n parcial del capitalismo -- la Comunista durante en periodo de la crisis Econ&#xF3;mica del mundo Capitalista -- la Internacional Comunista en la lucha por el frente &#xFA;nico de obreros y popular contra el Fascismo y la guerra ...</subfield>
  </datafield>
  <datafield tag="650" ind1=" " ind2=" ">
    <subfield code="a">Fascismo - Comunismo.</subfield>
    <subfield code="9">4039</subfield>
  </datafield>
  <datafield tag="650" ind1=" " ind2=" ">
    <subfield code="a">Marxismo - Leninismo.</subfield>
    <subfield code="9">4040</subfield>
  </datafield>
  <datafield tag="650" ind1=" " ind2=" ">
    <subfield code="a">Internacional.</subfield>
    <subfield code="9">4041</subfield>
  </datafield>
  <datafield tag="700" ind1=" " ind2=" ">
    <subfield code="a">Shirinia, K.</subfield>
    <subfield code="9">4042</subfield>
  </datafield>
  <datafield tag="700" ind1=" " ind2=" ">
    <subfield code="a">Firsov, F.</subfield>
    <subfield code="9">4043</subfield>
  </datafield>
  <datafield tag="700" ind1=" " ind2=" ">
    <subfield code="a">Koro.liov, N.</subfield>
    <subfield code="9">4044</subfield>
  </datafield>
  <datafield tag="700" ind1=" " ind2=" ">
    <subfield code="a">Reznikov, A.</subfield>
    <subfield code="9">4045</subfield>
  </datafield>
  <datafield tag="700" ind1=" " ind2=" ">
    <subfield code="a">Zastavenko, G.</subfield>
    <subfield code="9">4046</subfield>
  </datafield>
  <datafield tag="700" ind1=" " ind2=" ">
    <subfield code="a">Churbanov, L.</subfield>
    <subfield code="9">4047</subfield>
  </datafield>
  <datafield tag="700" ind1=" " ind2=" ">
    <subfield code="a">Sokolov, E. (coautores)</subfield>
    <subfield code="9">4048</subfield>
  </datafield>
  <datafield tag="700" ind1=" " ind2=" ">
    <subfield code="a">Kuznetsov M. (traductor)</subfield>
    <subfield code="9">4049</subfield>
  </datafield>
  <datafield tag="942" ind1=" " ind2=" ">
    <subfield code="2">ddc</subfield>
    <subfield code="c">LIBROS</subfield>
  </datafield>
  <datafield tag="945" ind1=" " ind2=" ">
    <subfield code="a">achl</subfield>
    <subfield code="d">2019-02-26</subfield>
  </datafield>
  <datafield tag="952" ind1=" " ind2=" ">
    <subfield code="0">0</subfield>
    <subfield code="2">ddc</subfield>
    <subfield code="4">0</subfield>
    <subfield code="7">0</subfield>
    <subfield code="a">SH</subfield>
    <subfield code="b">CPL</subfield>
    <subfield code="c">CART</subfield>
    <subfield code="d">2019-02-26</subfield>
    <subfield code="g">50.00</subfield>
    <subfield code="o">335.409 / SO63</subfield>
    <subfield code="p">SH0000001073</subfield>
    <subfield code="r">2019-02-26</subfield>
    <subfield code="y">LIBROS</subfield>
  </datafield>
</record>
